00369nam a2200109Ia 4500008004100000050002300041100002100064245005500085260008600140300002100226521001200247140724s9999 xx 000 0 und d aTX 911b.On59 2012 aOñate, Marc C. 4aThe Palm Garden Boutique Hotel /cMarc C. Oñate. aLas Piñas, Philippines :bSouthville International School and Colleges,cc2012. a145 p. :c28 cm. aTourism